000 01588cas a22004691 4500
001 11159004
003 OSt
005 20160816131051.0
008 760407d19661997paugr p 0 a0eng
010 _a 66015617
015 _a012148784
_2dnb
016 7 _a012148784
_2DE-101
020 _a0721628168
035 _a(OCoLC)ocm02097584
040 _aDLC
_beng
_cOKentU
_dPPiU
_dCU-UC
_dDLC
_dOCoLC
_dN
_dNST
_dDLC
_dEbpS
_dOCoLC
_dDNLM
_dNL-LeOCL
_dCaQQL
_dIWhN
_dOCoLC
_dRPB
_dHEBIS
_dGBVCP
_dTULIB
_dOCoLC
_dOCLCO
_dOCLCF
_dOCoLC
042 _apcc
082 _aWB 141
_bC938 1991
245 0 0 _aCurrent diagnosis.
_cRex B. Conn
260 _aPhiladelphia,
_bW.B. Saunders Co.
_c1991
300 _avolumes
_billustrations
_c28 cm
336 _atext
_btxt
_2rdacontent
337 _aunmediated
_bn
_2rdamedia
338 _avolume
_bnc
_2rdacarrier
362 0 _a1966-
362 1 _aCeased with v. 9 in 1997.
500 _aEditors: 1966- H.F. Conn, R.J. Clohecy, and R.B. Conn.
590 _aSERBIB/SERLOC merged record
650 0 _aDiagnosis.
_92389
650 2 _aDiagnosis.
_92389
650 4 _aDiagnostic techniques and procedures
_vPeriodicals.
_910683
650 6 _aDiagnostics.
_910684
650 7 _aDiagnosis.
_2fast
_0(OCoLC)fst00892273
_92389
650 1 7 _aDiagnostiek.
_2gtt
_910685
650 1 7 _aDiagnose.
_2gtt
_910686
655 2 _aPeriodicals.
_98736
700 _aConn, Rex B.
_910687
776 0 8 _iOnline version:
_tCurrent diagnosis
_w(OCoLC)604156850
906 _a7
_bcbc
_cserials
_d3
_encip
_f19
_gn-oclcserc
936 _aUnknown
_a1966
942 _2z
_cO_SHELF
999 _c4992
_d4992